[Event "Tata Steel Chess India Blitz 2022"]
[Site "Chess.com"]
[Date "2022.12.04"]
[Round "18"]
[White "Vidit, Santosh Gujrathi"]
[Black "Mamedyarov, Shakhriyar"]
[Result "1-0"]
[WhiteElo "2724"]
[BlackElo "2741"]
[EventDate "2022.??.??"]
[Annotator "Bojkov,Dejan"]
[PlyCount "155"]
[Beauty "5430512199178"]
[EventType "blitz"]

1.e4 e5 2.Nf3 Nc6 3.d4 exd4 4.Nxd4 Nf6 5.Nxc6 bxc6 6.Nd2 {Not the most ambitious line, but one which Vidit had used earlier this year.} 6...d5 7.exd5 cxd5 8.Bb5+ Bd7 9.Bxd7+ Qxd7 10.O-O {Move the c7-pawn to the b7-square, and this will be the French Tarrasch. With the more \"centralized \" pawn, though, Black has fewer problems to solve, most likely because the other isolani cannot be attacked that easily.} 10...Be7 11.b3 O-O 12.Bb2 Rfe8 ( {Earlier this year Vidit faced:} 12...a5 13.a4 Qf5 14.Re1 Bc5 15.Nf3 Ne4 16.Re2 Rfe8 17.Qd3 {Vidit,S (2710)-Tari,A (2656) Mayrhofen 2022} ) 13.Qf3 {[#]} 13...a5 $146 {This move happens so often in the line that it is hard to call it a novelty. Although technically speaking, it is.} ( {The predecessor saw:} 13...c5 14.Rad1 Rad8 15.Rfe1 h6 16.Nf1 d4 17.Ng3 ( 17.c3 $5 {[%c_effect c3;square;c3;type;Interesting;persistent;true]} ) 17...Bd6 18.Nf5 Be5 {with approximate equality in Matlakov,M (2698)-Tang,A (2538) Chess.com INT 2020} ) 14.a4 Ra6 15.Rad1 Bb4 {An inaccuracy.} ( {Better is to fulfill his plan with} 15...Re6 16.Nc4 c6 {as the pawn has too high a price at this moment. After} 17.Nxa5 $2 {[%c_effect a5;square;a5;type;Mistake;persistent;true] the white knight might not be lost at once but would be excluded for very long time.} ) 16.Nc4 $1 {[%c_effect c4;square;c4;type;GreatFind;persistent;true] A nice maneuver and Vidit takes over the inititive.} 16...Qe6 ( {Safer looks} 16...Ne4 17.Ne5 Qe6 18.Nd3 ) 17.Ne3 c6 18.Nf5 Raa8 ( 18...Bf8 $5 {[%c_effect f8;square;f8;type;Interesting;persistent;true]} ) 19.Qf4 ( {White could have already opted for a better endgame with} 19.Nh6+ Kf8 20.Bxf6 Qxf6 21.Qxf6 gxf6 22.Nf5 ) 19...Nh5 $5 {[%c_effect h5;square;h5;type;Interesting;persistent;true] A small trick.} ( {Again} 19...Bf8 $5 {[%c_effect f8;square;f8;type;Interesting;persistent;true] to solidify the kingside was called for.} ) 20.Qf3 ( {The obvious} 20.Qg5 {would have helped Mamedyarov equalize with} 20...Qg6 $1 {[%c_effect g6;square;g6;type;GreatFind;persistent;true]} ) 20...Nf6 21.Rd3 {White's play is very clear--kingside attack.} 21...Bf8 22.Nh6+ $1 {[%c_effect h6;square;h6;type;GreatFind;persistent;true] The time has come for this blow.} 22...gxh6 {Now White's attack would be extra strong.} ( {An endgame is a better alternative} 22...Kh8 $5 {[%c_effect h8;square;h8;type;Interesting;persistent;true]} 23.Bxf6 Qxf6 24.Qxf6 gxf6 25.Nf5 {although this is a much better version for White than the similar line from above.} ) 23.Bxf6 Bg7 24.Bxg7 Kxg7 25.Qf4 {King safety is always the main factor in positions with all the major pieces on the board. And here Mamedyarov's kingside is eternally damaged.} 25...Kh8 ( {Instead} 25...c5 {would have covered the d4-square but would not have solved Black's issues after} 26.Re3 Qc6 27.Rg3+ Kf8 28.Qf5 $1 {[%c_effect f5;square;f5;type;GreatFind;persistent;true]} ) 26.Re3 $1 {[%c_effect e3;square;e3;type;GreatFind;persistent;true] A neat maneuver $1} 26...Qg6 27.Rg3 ( 27.Rfe1 $5 {[%c_effect e1;square;e1;type;Interesting;persistent;true] would have been great for White too with total domination.} ) 27...Qe6 ( {Black should not survive after} 27...Re4 28.Rxg6 Rxf4 29.Rxc6 ) 28.Qd4+ f6 29.Re3 Qf7 30.Rfe1 Rxe3 31.Rxe3 {The domination has been achieved. It soon costs Black material.} 31...Rf8 32.Qc5 Re8 33.Qxc6 Rxe3 34.fxe3 Qe7 $1 {[%c_effect e7;square;e7;type;GreatFind;persistent;true] Mamedyarov's last chance is connected with his queen activity and an eventual perpetual check.} 35.Kf2 Qe5 36.Qc8+ Kg7 37.Qg4+ Kh8 38.Qf4 {And from here on, Vidit would experience the famous blitz problem: how to control all the checks from the enemy queen $2} ( {Easier would have been} 38.Qd4 $1 {[%c_effect d4;square;d4;type;GreatFind;persistent;true]} 38...Qxh2 39.Qxf6+ Kg8 40.Qd8+ Kg7 41.Qxa5 ) 38...Qc3 39.Qf5 Qd2+ 40.Kf3 Qd1+ 41.Kg3 Qe1+ 42.Qf2 ( {Very few are brave enough to play} 42.Kg4 $1 {[%c_effect g4;square;g4;type;GreatFind;persistent;true] in the blitz games, but here it is winning after} 42...Qxe3 43.Qxf6+ Kg8 44.Qd8+ Kg7 45.Qxd5 ) 42...Qc3 43.Qf4 Kg7 44.Qg4+ Kh8 ( {Mamedyarov is correctly avoiding} 44...Kf7 45.Qd4 Qxc2 46.Qxd5+ ) 45.Qd4 Qc7+ 46.Kf3 Qc6 47.c3 Kg7 48.h3 {In order to offer a safe house for the king.} 48...h5 49.Ke2 Qb7 50.b4 axb4 51.cxb4 Qc6 52.b5 {The pawns are moving, and it seems as if everything will end soon.} 52...Qc2+ 53.Kf3 h4 54.Qg4+ ( {Once more, the neatest win is connected with a brave king march after} 54.b6 $1 {[%c_effect b6;square;b6;type;GreatFind;persistent;true]} 54...Qb1 55.a5 Qf1+ 56.Kg4 Qxg2+ 57.Kf5 Qg6+ 58.Ke6 Qe8+ 59.Kd6 ) 54...Kf7 55.Qh5+ Kg7 56.Qxh4 Qd1+ 57.Kf2 Qd2+ 58.Kf1 Qxe3 59.Qg4+ Kh6 60.Qd1 ( {Here} 60.Qf3 $1 {[%c_effect f3;square;f3;type;GreatFind;persistent;true] would be as good as the checks} 60...Qc1+ 61.Kf2 Qc2+ 62.Kg3 $1 {[%c_effect g3;square;g3;type;GreatFind;persistent;true] are soon over, and Black cannot capture the pawns.} 62...Qxa4 63.Qf4+ $1 {[%c_effect f4;square;f4;type;GreatFind;persistent;true]} ) 60...d4 61.b6 d3 ( {More stubborn seems} 61...Qf4+ 62.Kg1 Qe3+ 63.Kh2 d3 {although White should still preserve serious winning chances with} 64.b7 Qf4+ 65.Kh1 d2 66.b8=Q Qxb8 67.Qxd2+ ) 62.b7 Qf4+ 63.Kg1 ( {In queen endgames, the mating motifs often appear out of thin air like here:} 63.Qf3 $3 {[%c_effect f3;square;f3;type;Brilliant;persistent;true]} 63...Qc1+ 64.Kf2 Qb2+ 65.Ke3 d2 66.b8=Q $1 {[%c_effect b8;square;b8;type;GreatFind;persistent;true]} 66...Qxb8 67.Qxf6+ Kh5 68.g4# ) 63...Qe3+ ( {It is not too late for} 63...d2 $1 {[%c_effect d2;square;d2;type;GreatFind;persistent;true]} 64.b8=Q Qxb8 65.Qxd2+ ) 64.Kh2 Qe5+ ( {Again} 64...Qf4+ 65.Kh1 d2 66.b8=Q Qxb8 67.Qxd2+ {is keeping survival chances for Black.} ) 65.Kh1 Qb2 66.Qxd3 ( 66.a5 $1 {[%c_effect a5;square;a5;type;GreatFind;persistent;true]} 66...Qxb7 67.Qxd3 ) 66...Qxb7 67.Qe3+ ( {The winning plan is} 67.a5 $1 {[%c_effect a5;square;a5;type;GreatFind;persistent;true]} 67...Qa7 68.Qd6 $1 {[%c_effect d6;square;d6;type;GreatFind;persistent;true]} 68...Kg7 69.Qb6 $1 {[%c_effect b6;square;b6;type;GreatFind;persistent;true] Then push the pawn to the a7-square and use the b8-square for the queen. In all the lines, her majesty will have a chance to cover the king in case the checks still support the pawn.} ) 67...Kg6 68.Qg3+ Kh6 69.Qf4+ Kg6 70.Qg4+ Kh6 ( {Most stubborn is} 70...Kf7 $1 {[%c_effect f7;square;f7;type;GreatFind;persistent;true]} 71.Qc4+ Kg7 {as this time White cannot easily make progress with} 72.a5 $2 {[%c_effect a5;square;a5;type;Mistake;persistent;true]} 72...Qb1+ 73.Kh2 Qb8+ 74.Kg1 Qa7+ ) 71.Qf5 Qc6 72.Qf4+ Kg6 73.a5 Qb5 ( {The perpetual might have still worked after} 73...Qc3 $1 {[%c_effect c3;square;c3;type;GreatFind;persistent;true]} 74.Qe4+ Kf7 75.Qb7+ Kg8 76.a6 ( {Or} 76.Qb6 Qe1+ 77.Kh2 Qe5+ 78.g3 h5 $1 {[%c_effect h5;square;h5;type;GreatFind;persistent;true]} ) 76...Qe1+ 77.Kh2 Qe5+ ) 74.Qg3+ Kh6 75.Qe3+ Kg6 76.Qa3 Qf1+ {No, this is not perpetual...} ( {The last chance is} 76...Qa6 $1 {[%c_effect a6;square;a6;type;GreatFind;persistent;true]} 77.Kh2 ) 77.Kh2 Qf4+ 78.Qg3+ $1 {[%c_effect g3;square;g3;type;GreatFind;persistent;true]} 1-0

[Event "Tata Steel Chess India Rapid 2022"]
[Site "Chess.com"]
[Date "2022.12.01"]
[Round "8"]
[White "Nakamura, Hikaru"]
[Black "Erigaisi, Arjun"]
[Result "0-1"]
[WhiteElo "2768"]
[BlackElo "2718"]
[EventDate "2022.??.??"]
[Annotator "rafael"]
[PlyCount "112"]
[Beauty "6599640877105"]
[EventType "rapid"]

1.Nf3 d5 2.e3 Nf6 3.c4 e6 4.Nc3 Bd6 ( 4...Be7 {is more common.} ) 5.d4 b6 6.cxd5 {I don't like this move very much, as Black's development is easier after this exchange.} ( 6.Bd3 {was played a few times by Andreikin and is my favorite move.} ) 6...exd5 7.Bd3 O-O 8.Bd2 $6 {[%c_effect d2;square;d2;type;Inaccuracy;persistent;true] A strange move, as the bishop is not well developed here. It seems better to castle and then develop the bishop with b3-Bb2.} ( 8.O-O ) 8...c5 {This natural move is a novelty.} ( 8...Bb7 ) ( 8...Re8 ) 9.dxc5 bxc5 10.O-O Nc6 {On the board we have a position with hanging pawns (this formation with the black pawns on d5 and c5), but in a very good version for Black. His pieces are free and active, while the same cannot be said for White's pieces.} ( 10...Bg4 {Flesh-and-blood chess players love this sort of pin, but the computer isn't too impressed. And it still suggests White should advance the pawns on the kingside.} 11.h3 Bh5 12.g4 $1 {[%c_effect g4;square;g4;type;GreatFind;persistent;true]} 12...Bg6 13.Bxg6 hxg6 14.Re1 {with the idea of playing e4, with chances for both sides.} ) 11.h3 {Nakamura decides to avoid Bg4.} 11...h6 {Erigaisi wants to develop the bishop to e6 and this move is useful to avoid Ng5. Something to consider is White's advance with e3-e4, a typical idea in these structures and that gives chances of equality—after all, Black is already a little better. Perhaps it would be more useful to put the rook on e8 first.} ( 11...Re8 ) 12.Rc1 ( 12.e4 {deserves consideration.} 12...Nb4 ( 12...c4 13.exd5 cxd3 14.dxc6 {with chances for both sides.} ) ( 12...d4 13.Nb5 {and White gets some activity.} ) 13.Bb1 dxe4 14.Nxe4 Bb7 15.Nxd6 Qxd6 16.Bc3 {with equality.} ) 12...Be6 13.Ne2 ( 13.e4 $5 {[%c_effect e4;square;e4;type;Interesting;persistent;true] this seems like an interesting move here, too.} 13...Nb4 14.Bb1 dxe4 15.Nxe4 Nxe4 16.Bxe4 ( 16.Bxb4 cxb4 17.Bxe4 Rc8 {Here Black has a slight advantage due to the bishop pair.} ) 16...Rb8 ( 16...Nxa2 $2 {[%c_effect a2;square;a2;type;Mistake;persistent;true]} 17.Bxa8 Nxc1 18.Bxc1 $1 {[%c_effect c1;square;c1;type;GreatFind;persistent;true]} 18...Qxa8 19.Qxd6 {and White wins a piece.} ) 17.a3 Nd5 {Black's position is a little more comfortable.} ) 13...Ne4 14.a3 $6 {[%c_effect a3;square;a3;type;Inaccuracy;persistent;true] Too slow.} ( 14.Nf4 {is better.} ) 14...Qb6 ( 14...Rb8 {is also good.} ) 15.Nc3 $5 {[%c_effect c3;square;c3;type;Interesting;persistent;true]} 15...Nxd2 {This is certainly not an easy decision, as keeping the knight on e4 is very tempting.} ( 15...f5 {This is my favorite move: the knight on e4 gives White a lot of headaches.} ) 16.Qxd2 c4 {This advance is necessary because White was threatening 17.Na4.} 17.Bb1 $6 {[%c_effect b1;square;b1;type;Inaccuracy;persistent;true]} ( 17.Bxc4 $1 {[%c_effect c4;square;c4;type;GreatFind;persistent;true] This is the correct move. Surely Nakamura saw this idea, but maybe he wanted to maintain a little more tension to have winning chances. A possible continuation is:} 17...dxc4 18.Qxd6 Rfd8 19.Qg3 Qxb2 20.Ne4 Qxa3 21.Nf6+ Kh8 22.Nh5 {with compensation for the pawn, but objectively White is playing for a draw here.} ) 17...Rfd8 18.Rfd1 Rab8 {Now the position is very uncomfortable for White, who lacks space. It never hurts to remember and by now my most assiduous readers already know how I like it: Black has the pair of bishops.} 19.Na4 Qb7 20.Bc2 Qe7 $1 {[%c_effect e7;square;e7;type;GreatFind;persistent;true] I like this move, improving the queen's position.} 21.Rb1 Qf6 22.Qe2 g6 $1 {[%c_effect g6;square;g6;type;GreatFind;persistent;true] Another good move. Black has a long-term positional advantage, so it's possible to calmly improve the position.} 23.Rd2 Kg7 24.Qd1 Bc7 {The game gets tactical now: the idea is to play /Ba5. Black could continue to suffocate White with a move like /a5 (useful to avoid a possible pawn advance to b4) and then follow up with a plan of attack on the king-flank with /h5-g5-g4.} ( 24...a5 ) 25.Nc5 ( 25.Nc3 {is also possible. I wonder whether Nakamura was afraid of the exchange sacrifice with} 25...Rxb2 $5 {[%c_effect b2;square;b2;type;Interesting;persistent;true]} 26.Rxb2 Qxc3 {but White is still in the game after} 27.Ba4 $1 {[%c_effect a4;square;a4;type;GreatFind;persistent;true]} 27...Ne5 28.Nd4 ) 25...Bc8 $6 {[%c_effect c8;square;c8;type;Inaccuracy;persistent;true]} ( 25...Ba5 $1 {[%c_effect a5;square;a5;type;GreatFind;persistent;true]} 26.Nd4 ( 26.Re2 $2 {[%c_effect e2;square;e2;type;Mistake;persistent;true]} 26...Bxh3 $1 {[%c_effect h3;square;h3;type;GreatFind;persistent;true]} 27.gxh3 Qxf3 ) 26...Nxd4 27.Rxd4 Bb6 28.Rf4 Qe5 29.Nxe6+ Qxe6 {Despite the simplifications, White has no respite. Black's position is clearly superior.} ) 26.b4 $6 {[%c_effect b4;square;b4;type;Inaccuracy;persistent;true]} ( 26.Rxd5 $1 {[%c_effect d5;square;d5;type;GreatFind;persistent;true] solves White's problems.} 26...Rxd5 27.Qxd5 Rxb2 28.Qxc4 ( 28.Rc1 $4 {[%c_effect c1;square;c1;type;Blunder;persistent;true]} 28...Rxc2 29.Rxc2 Qa1+ {leads to mate.} ) ( 28.Rxb2 Qxb2 29.Qxc6 $2 {[%c_effect c6;square;c6;type;Mistake;persistent;true]} 29...Qc1+ ) 28...Rxb1+ 29.Bxb1 Qb2 30.Qc2 Qxa3 ( 30...Qxc2 31.Bxc2 Bd6 32.Nd4 $1 {[%c_effect d4;square;d4;type;GreatFind;persistent;true]} ) 31.Ne4 {White has excellent drawing chances.} ) 26...Ne5 27.Ne1 {It's strange to choose this square instead of the more active d4.} ( 27.Nd4 {This move, however, doesn't solve all the problems.} 27...a5 $5 {[%c_effect a5;square;a5;type;Interesting;persistent;true] with pressure for Black.} ) 27...Qd6 28.Na4 ( 28.Ne4 {is a better chance.} ) 28...a5 $1 {[%c_effect a5;square;a5;type;GreatFind;persistent;true] Creating weaknesses on the queenside.} 29.b5 Be6 30.f4 {A desperate attempt to create counterplay.} 30...Nd7 31.Nf3 Qxa3 {Black is winning, but in a rapid game anything is possible when the players get low on time.} 32.Qe1 Nb6 33.Ra1 Qe7 34.Nc3 Ra8 ( 34...Bd6 {with the idea of Bb4 is also winning.} ) 35.f5 $5 {[%c_effect f5;square;f5;type;Interesting;persistent;true]} ( 35.Nd4 Bd7 ) 35...gxf5 36.Ne2 {Nakamura is a player with many resources and you have to be very careful against him, even with a decisive advantage. Erigaisi continues to play at the highest level, but the game will still have some adventures.} 36...Bd7 37.Ned4 f4 $1 {[%c_effect f4;square;f4;type;GreatFind;persistent;true]} 38.e4 Re8 ( 38...dxe4 $1 {[%c_effect e4;square;e4;type;GreatFind;persistent;true] is more accurate:} 39.Bxe4 Ra7 {and the computer claims that Black is easily winning.} ) 39.Re2 $1 {[%c_effect e2;square;e2;type;GreatFind;persistent;true]} 39...dxe4 40.Bxe4 Rad8 {It's necessary to give up the a5-pawn.} ( 40...Ra7 $2 {[%c_effect a7;square;a7;type;Mistake;persistent;true]} 41.Bc6 {wins for White.} ) 41.Rxa5 Qf6 {Black is still much better with a pawn up and a safe king.} 42.Ra6 {The rook is not well placed here, as the next move shows.} 42...Bc8 $1 {[%c_effect c8;square;c8;type;GreatFind;persistent;true]} 43.Qa1 $1 {[%c_effect a1;square;a1;type;GreatFind;persistent;true]} 43...Kg8 ( 43...Bxa6 $2 {[%c_effect a6;square;a6;type;Mistake;persistent;true]} 44.Nf5+ ) ( 43...Kf8 $1 {[%c_effect f8;square;f8;type;GreatFind;persistent;true] is better because it's important to keep the e8-rook protected. This seems hard to believe, but just follow the analysis:} 44.Nc6 Qxa1+ 45.Rxa1 f5 $1 {[%c_effect f5;square;f5;type;GreatFind;persistent;true]} 46.Nxd8 fxe4 {The position is winning because both knights are attacked. The e-pawn is not pinned since the king protects the rook.} ) 44.Nc6 Qxa1+ 45.Rxa1 Rd6 ( 45...f5 {The same idea is not so strong here.} 46.Nxd8 fxe4 47.Nc6 {Black is better, but not winning.} ) 46.Ra7 Rd1+ 47.Kh2 ( 47.Kf2 {is more stubborn, but Black should win after} 47...Bd6 48.Bh7+ Kf8 49.Rxe8+ Kxe8 ) 47...Bd6 48.Nce5 ( 48.Bh7+ Kf8 $1 {[%c_effect f8;square;f8;type;GreatFind;persistent;true]} ) 48...Bxe5 ( 48...Rxe5 49.Nxe5 Bxe5 50.Bh7+ Kxh7 51.Rxe5 Kg7 52.Rc5 Be6 {Black is winning.} ) 49.Bc6 Re6 50.Nxe5 c3 $1 {[%c_effect c3;square;c3;type;GreatFind;persistent;true] The c-pawn decides the game.} 51.Bf3 Rd2 ( 51...Rxe5 $1 {[%c_effect e5;square;e5;type;GreatFind;persistent;true] is the simplest way.} 52.Rxe5 c2 ) 52.Re4 ( 52.Rxd2 {gives no hope:} 52...cxd2 53.Nxf7 Bd7 54.Nd8 Rd6 55.Bd1 Bxb5 ) 52...Nd5 $2 {[%c_effect d5;square;d5;type;Mistake;persistent;true] A blunder that throws away the win.} ( 52...c2 53.Rc7 Bb7 $1 {[%c_effect b7;square;b7;type;GreatFind;persistent;true] The only winning move.} 54.Rxf4 Rxe5 55.Bxb7 Rd7 $1 {[%c_effect d7;square;d7;type;GreatFind;persistent;true]} 56.Rxc2 Rxb7 {with a decisive material advantage.} ) 53.Nxf7 $2 {[%c_effect f7;square;f7;type;Mistake;persistent;true]} ( 53.Rc4 $1 {[%c_effect c4;square;c4;type;GreatFind;persistent;true] leads to a draw.} 53...Nb6 ( 53...Rxe5 54.Rxc8+ Kg7 55.b6 Nxb6 56.Rxc3 ) 54.Rc5 $1 {[%c_effect c5;square;c5;type;GreatFind;persistent;true]} 54...c2 55.Rac7 c1=Q 56.Rxc1 Rxe5 57.Rxc8+ Nxc8 58.Rxc8+ Kg7 59.b6 ) 53...Rxe4 54.Bxe4 c2 55.Nd6 $2 {[%c_effect d6;square;d6;type;Mistake;persistent;true] The final mistake. White still had drawing chances.} ( 55.Nxh6+ $1 {[%c_effect h6;square;h6;type;GreatFind;persistent;true]} 55...Kf8 56.Rf7+ Ke8 57.Bg6 $1 {[%c_effect g6;square;g6;type;GreatFind;persistent;true]} 57...Kd8 ( 57...c1=Q $2 {[%c_effect c1;square;c1;type;Mistake;persistent;true]} 58.Rc7+ ) 58.Bxc2 Rxc2 59.Nf5 {And it's not clear whether Black can win this endgame.} ) 55...c1=Q {Unfortunately for Nakamura, there is no mate, nor perpetual check.} 56.Bh7+ Kh8 {A great fight $1 Erigaisi is playing some fantastic chess and he is one of my favorite players to watch.} ( 56...Kf8 $4 {[%c_effect f8;square;f8;type;Blunder;persistent;true] This would be embarassing.} 57.Rf7# ) 0-1